Consumo y estilos de desarrollo

Gardado en:
Detalles Bibliográficos
Autor Principal: Filgueira, Carlos
Formato: Texto
Publicado: Santiago?: CEPAL
Etiquetas: Engadir etiqueta
Sen Etiquetas, Sexa o primeiro en etiquetar este rexistro!

MARC

LEADER 00000 a a2200000 04500
001 19242
003
040
090 |a 019600  
100 |a Filgueira, Carlos  
245 |a Consumo y estilos de desarrollo  
260 |a Santiago?:   |b CEPAL  
300 |a 29, X p.  
999 |c 11524  |d 11524